Quizzes
Events
Quiz Creation
Community
Videos
Private Events
Remove Ads
Sign In
Join for FREE
Feedback
Dark Mode
Quiz Categories
Sports
Geography
Music
Movies
Television
Just For Fun
Miscellaneous
History
Literature
Language
Science
Gaming
Entertainment
Religion
Holiday
For Kids
Quiz Lab
Recent
Popular Today
Quiz Kudos Today
Editor Picks
Curator Picks
Quizzes by...
Day
Popularity
Type
Ratings
Length
Year
Community
Subscriptions
Recent Discussions
Orange Saloon
Badges
Playlists
Quests
Create
Leaderboards
Showdown
Live 5
Trivia Bingo
Activity
Puzzle Library
Sporcle Events
Private Events
Virtual Trivia
Globe League
Become a Host
Pub Owners
SporcleCon
Opinionation
Our Games
Videos
Blog
Mobile Apps
Partnerships
Remove Ads and Go Orange
Feedback
Sports
Athletes
MLB
NBA
NHL
NFL
Soccer
Sports Teams
WWE
NCAA
Football
Premier League
Basketball
Baseball
Hockey
Golf
Tennis
Cricket
Rugby
Auto Racing
Olympics
World Cup
Sports
Athletes
MLB
NBA
NHL
NFL
Soccer
Sports Teams
WWE
NCAA
Football
Premier League
Basketball
Baseball
Hockey
Golf
Tennis
Cricket
Rugby
Auto Racing
Olympics
World Cup
Random Quiz
Search Sporcle
×
Quiz Lab
Quiz Lab
Sports
Baseball
Type in answers that appear in a list
Type in answers that appear in a list
Classic
Best Score? Go Orange.
MLB - 1956 NY Yankees All-Stars Stats
Can you name the 1956 NY Yankees All-Stars?
By
jaysee
5m
26 Questions
174 Plays
174 Plays
174 Plays
Comments
Comments
Give Quiz Kudos
Give Quiz Kudos
-
- Ratings
hide this ad
More Info
Replay
Link that replays current quiz
Next Quiz
Link to next quiz in quiz playlist
You Got
0%
They Got
Avg Score
47%
Avg Friend Score
Upgrade to see
Score Distribution
Jump to the score distribution portion of the page
Score
0/26
Timer
05:00
0
Plays Today
Position
Player
% Correct
Catcher
Yogi Berra
99.4%
Center Fielder
Mickey Mantle
98.9%
Pitcher
Whitey Ford
94.3%
Shortstop
Phil Rizzuto
87.9%
C/
OF
Elston Howard
81.6%
2nd Baseman
Bobby Richardson
79.3%
1st Baseman
Bill Skowron
77%
2nd Baseman
Billy Martin
74.1%
Right Fielder
Hank Bauer
70.7%
Shortstop
Gil McDougald
62.1%
Pitcher
Bob Turley
59.2%
Right Fielder
Enos Slaughter
54%
Pitcher
Ralph Terry
47.7%
Position
Player
% Correct
2B/
SS
Jerry Coleman
41.4%
Left Fielder
Bob Cerv
34.5%
Pitcher
Johnny Kucks
33.3%
Pitcher
Bob Grim
23%
SS/
2B
Jerry Lumpe
19.5%
Right Fielder
Irv Noren
17.8%
Left Fielder
Norm Siebern
16.7%
Pitcher
Tommy Byrne
16.1%
Pitcher
Jim Coates
15.5%
1st Baseman
Eddie Robinson
14.9%
Pitcher
Jim Konstanty
10.3%
Shortstop
Billy Hunter
6.9%
Pitcher
Gerry Staley
1.1%
Quiz Playlist
Details
Report
Send in Message
Add To Playlist
More Info:
Try to name everyone who played on the 1956 Yankees that was an All-Star at some point in their career - NOT just 1956!
Classic:
Type in answers that appear in a list
Quiz Source
Last Updated: Feb 16, 2017
Quiz Scoreboard
CHALLENGE
Sign Up to Join the Scoreboard
Show All
Scores
Hide
Comments
May contain spoilers
Recently Published
An Introduction to Baseball
by treessimontrees
Sports
5m
Movies - When Are They Set?
by FPL_Elf
Movies
5m
Popular People in 1961
by mucciniale
History
6m
More to Explore
Quiz From the Vault
Featured Blog Post
Where Did the Easter Bunny Come From?
hide this ad
You Might Also Like...
Tags
Baseball Quiz
MLB Quiz
1956
All-Star
New York
New York Yankees
Today's Top Quizzes in Sports
Browse Sports
hide this ad
Today's Top Quizzes in Baseball
Browse Baseball
Top Contributed Quizzes in Sports
1
Les meilleurs buteurs des matchs entre le PSG et l’OM
2
2022 World Cup Stars
3
FIFA Club World Cup Champions
4
Les entraîneurs de l'OM et du PSG au 21e siècle
5
Name the Premier League winners with different clubs
6
La finale Lions - Afrique du Sud 2021
7
Criteria MLB: Left Handed Sluggers
8
Les joueurs passés par le LOSC et le RC Lens
9
Players with Multiple 50 Home Run Seasons
10
MLB Players with Two .350 Batting Average Seasons
Explore More
Trending Topics
NBA
Marvel
Crossword
Anime
Disney
Harry Potter
Kpop
WWE
NFL
Song
The Office
Soccer
Pokémon
Country
Puzzle
hide this ad
More By:
jaysee
Quiz
Plays
Rating
Category
Featured
Created
NBA All-Stars by Current Team
968,718
4.20
Sports
Feb 2, 2011
MLB Most Seasons with 20+ HR
57,080
4.50
Sports
Oct 8, 2013
Three-Word Bands Slot Machine III
37,060
4.32
Music
Nov 29, 2010
MLB - Opening Day All-Star Lineups
14,066
4.81
Sports
Dec 3, 2013
NFL - Top 5 Career Rushing Yards Per Draft
12,842
4.76
Sports
Nov 2, 2012
Go to Creator's Profile
Score Distribution
Quiz Creator Spotlight
jaysee
Follow
Send a Message
Quizzes Created
-
Created Quiz Play Count
-
More By This Creator
Popular Quizzes Today
1
Find the Countries of Europe - No Outlines Minefield
2
Find the US States - No Outlines Minefield
3
The Countries of the World
4
Popular People in 1961
5
US States
6
1-10 Letter E Words III
7
Find the US States
8
Risky Map Clicking: Biggest States A-Z
More Sports Quizzes
Bret Hart's WWF Championship Opponents
Quiz Lab
Trending Quizzes
Risky Map Clicking: Least Populous States A-Z
1-10 Letter F Words
1-10 Letter G Words
One Thing in Common: United Kingdom
Risky Map Clicking: Next State Alphabetically
Recently Updated
Leaping Animals
pecheneg
Reality TV Shows (A-Z)
bhenderson79
Rickey Henderson's Hall of Fame Teammates
pecheneg
Champions League XIs: Arsenal
pecheneg
Quick Pick: Celebrities in WWE's Hall of Fame
aduchscher
A-Z Keypad Blitz II
pecheneg
Multiple Oscar Actors
pecheneg
Mystery Phrase Blitz: Oscar 'Best Actors'
pecheneg
F. Scott Fitzgerald Novels
LTH
Pick 3 Villains
ddd62291
Trending Topics
Disney
Marvel
Anime
NBA
Kpop
Harry Potter
Crossword
The Office
Song
Pokémon
Soccer
WWE
Country
NFL
Puzzle
Your Account Isn't Verified!
In order to create a playlist on Sporcle, you need to verify the email address you used during registration. Go to your
Sporcle Settings
to finish the process.
Report this User
Report this user for behavior that violates our
Community Guidelines
.
Details:
Send Report
Go to the Sporcle.com Mobile Site →
Comments